Responses for Show #7390 - Friday, October 28, 2016

Contestants

[<< previous game]

Julia Lee, a pharmacy student from San Bruno, California

Meghan Winch, a theater artist from Philadelphia, Pennsylvania

Ken Hirsh, a law library director and law professor from Milford, Ohio (whose 1-day cash winnings total $16,001)

[next game >>]

Jeopardy! Round responses

MASTERS OF SOCKS
STUFF ABOUT STATES
INITIALITERATURE
GARDEN PARTY
FORE!
LETTER WORDS
    $200 11
China

Julia
    $200 1
Minnesota

Julia
    $200 15
Lady Chatterley's Lover

Julia
    $200 12
the Netherlands

Julia
    $200 26
woods

Meghan
    $200 2
postscript

Ken
    $400 14
Bill Clinton

Ken
    $400 7
Texas

Ken
    $400 16
The Prince and the Pauper

Meghan
    $400 13
Manitoba

Triple Stumper
    $400 27
(Julia: What is Pebble Beach?)

the Masters

KenJulia
    $400 3
sincerely

Ken
    $600 23
argyle

Ken
    $600 8
South Dakota

Ken
    $600 17
Breaking Dawn

Julia
    $600 18
the Hanging Gardens of Babylon

Meghan
    $600 28
a handicap

Triple Stumper
    $600 4
salutation

Ken
    $800 24
a sock hop

Julia
    $1,500 9
California

Ken
    $800 21
The Sun Also Rises

Julia
    $800 19
the Tuileries

Meghan
    $800 29
the Ryder Cup

Triple Stumper
    $800 5
registered

Ken
    $1000 25
(Meghan: What's a toe?)
(Alex: Be more specific.)

a separated big toe (a big toe accepted)

Meghan
    $1000 10
(Ken: What is West Virginia?)

Nevada

Ken
Triple Stumper
    $1000 22
The Pickwick Papers

Meghan
    $1000 20
(Claude) Monet

Julia
    $1000 30
(Ken: Who is Els?)

Jordan Spieth

KenJulia
    $1000 6
a heading

Julia

Scores at the first commercial break (after clue 15):

Ken Meghan Julia
$3,900 $0 $1,800

Scores at the end of the Jeopardy! Round:

Ken Meghan Julia
$3,900 $4,000 $5,600

Double Jeopardy! Round responses

WHO'S THE MRS.?
(Alex: We'll give you the mister.)
LEGAL MATTERS
HISTORY: HIRED & FIRED
WEATHER
RHYME HOLE
AMERICAN ARTISTS
    $400 2
Barbra Streisand

Meghan
    $400 8
the Fifth Amendment

Ken
    $400 23
the Titanic

Julia
    $400 11
(Ken: What is a meteor?)
(Meghan: What is a comet?)

a lightning bolt

KenMeghan
Triple Stumper
    $400 14
soul

Meghan
    $400 20
Gauguin

Julia
    $800 3
Trisha Yearwood

Meghan
    $800 7
appeals

Meghan
    $800 24
(Kit) Carson

Julia
    $800 12
Hawaii

Julia
    $800 15
tadpole

Julia
    $800 19
Norman Rockwell

Triple Stumper
    $1200 4
Fergie

Meghan
    $1200 1
hearsay

Meghan
    $1200 25
(Ken: Who is Drake?)

Sir Walter Raleigh

Ken
Triple Stumper
    $1200 13
fronts

Triple Stumper
    $1200 16
parole

Meghan
    $1200 21
tempera

Julia
    $1600 5
Emily Blunt

Meghan
    $1600 9
sidebar

Ken
    $1600 26
(Neville) Chamberlain

Julia
    $1,600 22
a gale

Julia
    $1600 17
console

Meghan
    $1600 27
(Gilbert) Stuart

Ken
    $2000 6
Kristen Bell

Ken
    $2000 10
(Alex: All right, you did well in your category.)

custody

Ken
    $2000 30
the Hagia Sophia

Triple Stumper
    $2000 28
silver iodide

Ken
    $2,000 18
(Alex: Meghan?)
(Meghan: I don't know.)

troll

Meghan
    $2000 29
(Ken: What is the Guggenheim?)
(Meghan: What is MOMA?)

the Whitney

KenMeghan
Triple Stumper

Scores at the end of the Double Jeopardy! Round:

Ken Meghan Julia
$9,900 $8,800 $13,200

[wagering suggestions for these scores]

Final Jeopardy! Round responses

SHAKESPEARE
(Alex: There is a male and a female. If you didn't get the male first, this was going to bring you a lot of grief.)
MeghanWho are J Romeo+ Juliet
$8,800
KenWho are Lady Mab& an?
$7,701
JuliaWho are Hamlet & Horatio?
$6,601
Juliet Capulet & Julius Caesar

Final scores:

Ken Meghan Julia
$2,199 $0 $6,599
2nd place: $2,000 3rd place: $1,000 New champion: $6,599

Game dynamics:

Coryat scores:

Ken Meghan Julia
$9,200 $10,800 $13,200
16 R
(including 1 DD),
5 W
15 R,
3 W
(including 1 DD)
18 R
(including 1 DD),
1 W

Combined Coryat: $33,200

[game clues] [game scores] [suggest correction]

Game tape date: 2016-08-15
The J! Archive is created by fans, for fans. Scraping, republication, monetization, and malicious use prohibited; this site may use cookies and collect identifying information. See terms. The Jeopardy! game show and all elements thereof, including but not limited to copyright and trademark thereto, are the property of Jeopardy Productions, Inc. and are protected under law. This website is not affiliated with, sponsored by, or operated by Jeopardy Productions, Inc. Join the discussion at JBoard.tv.